Sports Quiz

Random Sports or Football Quiz
Score 0/16 Timer 04:00
1 Play Today
Question Answer Wrong Answers
Association Football (Soccer) Association Football (Soccer) ball
94.7%
Australian Rules Football ball
0.7%
Gaelic Football ball
0.4%
American Football ball
1.4%
American Football American Football field
94.7%
Australian Rules Football field
0.7%
Gaelic Football pitch
1.1%
Association Football (Soccer) pitch
0.7%
American Football American Football field goal
93.3%
Gaelic Football goal
0.7%
Australian Rules Football goal
3.2%
Association Football (Soccer) goal
0.4%
Association Football (Soccer) Association Football (Soccer) pitch
92.9%
American Football field
1.1%
Australian Rules Football field
1.8%
Gaelic Football pitch
0.7%
American Football American Football ball
91.8%
Association Football (Soccer) ball
1.1%
Australian Rules Football ball
2.8%
Gaelic Football ball
0%
Association Football (Soccer) Association Football (Soccer) goal
91.5%
Gaelic Football goal
3.2%
Australian Rules Football goal
1.4%
American Football field goal
0%
Association Football (Soccer) Association Football (Soccer) referee cards
90.1%
Gaelic Football referee cards
4.3%
American Football penalty flag
1.1%
Australian Rules Football goal umpire's flags
1.4%
Australian Rules Football Australian Rules Football ball
86.9%
Association Football (Soccer) ball
1.4%
Gaelic Football ball
7.1%
American Football ball
1.8%
Gaelic Football Gaelic Football goal
83.3%
Australian Rules Football goal
9.6%
Association Football (Soccer) goal
1.8%
American Football field goal
1.4%
Australian Rules Football Australian Rules Football field
77.3%
American Football field
1.4%
Gaelic Football pitch
15.6%
Association Football (Soccer) pitch
1.8%
Australian Rules Football Australian Rules Football goal
76.2%
Gaelic Football goal
16.3%
Association Football (Soccer) goal
1.1%
American Football field goal
3.9%
Gaelic Football Gaelic Football ball
75.9%
Association Football (Soccer) ball
2.8%
Australian Rules Football ball
17%
American Football ball
1.8%
Gaelic Football Gaelic Football pitch
75.2%
American Football field
3.2%
Australian Rules Football field
17.7%
Association Football (Soccer) pitch
1.1%
American Football American Football penalty flag
72%
Association Football (Soccer) referee cards
3.9%
Gaelic Football referee cards
7.8%
Australian Rules Football goal umpire's flags
12.4%
Gaelic Football Gaelic Football referee cards
64.9%
Association Football (Soccer) referee cards
6.4%
American Football penalty flag
8.2%
Australian Rules Football goal umpire's flags
16.7%
Australian Rules Football Australian Rules Football goal umpire's flags
63.1%
Association Football (Soccer) referee cards
5.3%
Gaelic Football referee cards
20.6%
American Football penalty flag
8.9%
Remove Ads.
Support Sporcle.
Get the best of Sporcle when you Go Orange. This ad-free experience offers more features, more stats, and more fun while also helping to support Sporcle. Thank you for becoming a member.

You're not logged in!

Compare scores with friends on all Sporcle quizzes.
OR
Log In

Show Comments

Extras

Top Quizzes Today


Score Distribution

Your Account Isn't Verified!

In order to create a playlist on Sporcle, you need to verify the email address you used during registration. Go to your Sporcle Settings to finish the process.

Report this User

Report this user for behavior that violates our Community Guidelines.

Details: